Studi in onore di Vincenzo Arangio-Ruiz nel XLV anno del suo insegnamento.

محفوظ في:

التنسيق: كتاب

اللغة: Italian
English
French
German

منشور في: Napoli : Jovene, 1953.

الموضوعات:

الوسوم: إضافة وسم

لا توجد وسوم, كن أول من يضع وسما على هذه التسجيلة!

رقم الطلب: KA273 .A66 v.1-4

LEADER 00887nam a22002537a 4500
003 OSt
005 20250827112041.0
008 270303s1953 it c g b 000 0 ita d
010 |a 53038407 
040 |c ARCE Library 
041 0 |a ita  |a eng  |a fre  |a ger 
050 1 4 |a KA273  |b .A66 v.1-4 
245 0 0 |a Studi in onore di Vincenzo Arangio-Ruiz nel XLV anno del suo insegnamento. 
264 1 |a Napoli :   |b Jovene,   |c 1953. 
300 |a 4 volumes :   |b portraits ;   |c 24 cm. 
500 |a "Addendum": leaf inserted in v. 2. 
500 |a OCLC 556593650 
504 |a "Scritti di Vincenzo Arangio-Ruiz": v. 1, p. [xvii]-xxiv. "Indice delle fonti": v. 4, p. [545]-604. Bibliographical footnotes. 
546 |a Italian, German, French or English. 
600 1 0 |a Arangio-Ruiz, Vincenzo,  |d 1884-1964  |v Bibliography.  |9 25566 
650 0 |a Roman law. 
901 |a reviewed 
942 |c BK  |2 lcc 
999 |c 22135  |d 22135